Serbian Brands 3 - Statistics

General Stats
  • This quiz has been taken 67 times
  • The average score is 12 of 16
Answer Stats
Picture Answer % Correct
Blic
93%
Dunav Osiguranje
88%
Nectar
88%
Telekom Srbija
88%
Jaffa
87%
Moj Kiosk
85%
Politika
83%
Forma Ideale
80%
Pionir
80%
Metalac
78%
RTV
75%
Air Serbia
73%
Bip
73%
Poštanska Štedionica
68%
Mlekara Šabac
65%
AIK Banka
28%
No matching quizzes found
Score Distribution
Percent of People with Each Score
Percentile by Number Answered
Your Score History
You have not taken this quiz